000 00746nam a2200265Ia 4500
003 OSt
005 20220918163425.0
006 a|||||r|||| 00| 0
007 ta
008 220917b |||||||| |||| 00| 0 eng d
020 _a0 7156 1441 X
024 _a251,379
037 _cTextual
040 _aARTS
_cARTS
_beng
041 _2eng
_aeng
082 _aY71:5.3, M1
100 _aSimmons I G Ed.
_913065
245 0 _aEnvironment of British prehistory edited by I G Simmons and M J Tooley
260 _aLondon
_bDuckworth UK
_c1981
300 _a334p.
_ccm.
650 _aSOCIOLOGY
700 _a Tooley M J Ed.
_913066
942 _hY71:5.3, M1
_cTEXL
_2CC
999 _c119519
_d119519